[Event "Rubinstein Memorial op-C 57th"]
[Site "Polanica Zdroj"]
[Date "2021.08.18"]
[Round "5"]
[White "Klama, Andrzej"]
[Black "Harasim, Wieslaw"]
[Result "0-1"]
[WhiteElo "1409"]
[BlackElo "1702"]
[PlyCount "114"]
[EventDate "2021.08.14"]
[EventType "swiss"]
[EventRounds "9"]
[EventCountry "POL"]
[SourceTitle "EXT 2023"]
[Source "ChessBase"]
[SourceDate "2022.10.05"]
[SourceVersion "1"]
[SourceVersionDate "2022.10.05"]
[SourceQuality "1"]

1. e4 c5 2. Nf3 e6 3. c4 Nc6 4. Nc3 Nf6 5. Be2 d5 6. d3 d4 7. Nb5 e5 8. 0-0 Be7 9. h3 0-0 10. Nh2 a6 11. Na3 Bd6 12. f4 exf4 13. Bxf4 Ne5 14. Nc2 Qc7 15. Bxe5 Bxe5 16. Ng4 Nxg4 17. Bxg4 g6 18. Bxc8 Raxc8 19. Ne1 Bf4 20. Nf3 f5 21. Qe2 Rce8 22. Qc2 fxe4 23. dxe4 Qc6 24. Rae1 Be3+ 25. Kh1 Qxe4 26. Qxe4 Rxe4 27. Nd2 Ref4 28. Rxf4 Rxf4 29. Nf1 Bf2 30. Re2 Bh4 31. Kg1 Bg5 32. g3 Rf8 33. h4 Bh6 34. Nd2 d3 35. Rg2 Be3+ 36. Kh2 Rf2 37. Rxf2 Bxf2 38. Kg2 Be1 39. Nf1 d2 40. Ne3 Kf7 41. Kf3 Ke6 42. b3 Ke5 43. g4 Bxh4 44. Ke2 Bg5 45. Nd1 Kd4 46. a3 h6 47. Nf2 b6 48. Nd1 a5 49. a4 Ke4 50. Nf2+ Kf4 51. b4 cxb4 52. c5 bxc5 53. Nd3+ Kxg4 54. Nxc5 h5 55. Nb3 h4 56. Nxa5 h3 57. Nb3 h2 0-1